Siedziby klubów Saudi Professional League - nagła śmierć - Statystyki

Ogólne statystyki
  • Ten quiz został rozwiązany 7 razy
  • Średni wynik to 5 z 13
Answers on the Grid
Answers color-coded by a green-red scale on the quiz's grid according to % correct below.
Abha
Ad-Dammam
Harma
Dżudda
Ha’il
Rijad
Tabuk
Mekka
Sakaka
Chamis Muszajt
Burajda
Manama
Nadżran
Ar-Rass
Doha
Unajza
Al-Hufuf
Al-Madżma’a
Sajhat
Ar-Rakka
Al-Mubarraz
Al-Chubar
 
Statystyki odpowiedzi
Odpowiedź % Poprawnych
Dżudda
67%
Ad-Dammam
50%
Al-Mubarraz
50%
Burajda
50%
Rijad
50%
Sajhat
50%
Al-Madżma’a
33%
Chamis Muszajt
33%
Nadżran
33%
Unajza
33%
Al-Chubar
17%
Ar-Rass
17%
Tabuk
17%
Nie znaleziono quizów pasujących do podanych kryteriów
Rozkład punktacji
Procent ludzi z każdym wynikiem
Percentyl według liczby udzielonych odpowiedzi
Twoja historia wyników
Nie rozwiązałeś tego quizu